| Tag |
First Indicator |
Second Indicator |
Subfields |
| LEADER |
00000cam a2200000 a 4500 |
| 001 |
in00000071944 |
| 005 |
20151008062454.0 |
| 008 |
761209s1970 ii af b 00010 eng d |
| 035 |
|
|
|a (OCoLC)02608585
|
| 035 |
|
|
|9 AAK0297AM
|
| 040 |
|
|
|a ZYU
|c ZYU
|d TXA
|d UtOrBLW
|
| 043 |
|
|
|a a-ii---
|
| 049 |
|
|
|a TXAM
|c [1329210]
|
| 090 |
|
|
|a TT103
|b .P3
|
| 100 |
1 |
|
|a Pal, M. K.
|q (Mrinal Kanti)
|
| 245 |
1 |
2 |
|a A study of the technology of some of the important traditional crafts in ancient and medieval India /
|c by M.K. Pal.
|
| 264 |
|
1 |
|a Calcutta :
|b Indian publications,
|c 1970.
|
| 300 |
|
|
|a 24 pages, 4 unnumbered pages of plates :
|b illustrations ;
|c 24 cm.
|
| 336 |
|
|
|a text
|b txt
|2 rdacontent
|
| 337 |
|
|
|a unmediated
|b n
|2 rdamedia
|
| 338 |
|
|
|a volume
|b nc
|2 rdacarrier
|
| 504 |
|
|
|a Includes bibliographical references.
|
| 650 |
|
0 |
|a Handicraft
|z India
|x History.
|
| 650 |
|
0 |
|a Technology
|z India
|x History.
|
| 999 |
|
|
|a MARS
|
| 999 |
f |
f |
|s 4a2f5ec5-b8e1-37fa-b77c-5c9f8c9d0813
|i e6a02b58-2557-3426-9415-14ddd54768cb
|t 0
|
| 952 |
f |
f |
|p ric
|a Texas A&M University
|b Rellis Campus
|c Joint Library Facility
|d Remote Storage
|t 0
|e TT103 .P3
|h Library of Congress classification
|i unmediated -- volume
|m A14806259303
|
| 998 |
f |
f |
|a TT103 .P3
|t 0
|l Remote Storage
|